000 01166nam2a22002531 4500
001 rc\4791851
005 20130426133122.5
035 _a(NLR Aleph) 008866789
090 _a8496052
_c8496052
100 _a20130426d1965 |||y0rusy50 ca
101 0 _arus
102 _aRU
105 _ay z |||||
200 0 _aТ. 2
_fРед. С.И. Висков
210 _aМосква
_cНаука
_d1965
215 _a671 с.
320 _aБиблиогр. / Сост. Г.С. Русина: с. 638-657
461 0 _1001rc\4791849
_12001#$aСоветский Союз в Организации Объединенных Наций$eВ 2 т.$fРедколлегия: И.Г. Усачев (отв. ред.) [и др.]$g[Акад. наук СССР. Ин-т истории]. Т. 1-2$vТ. 2
_98496040
_cМосква
_d1965
_fРедколлегия: И.Г. Усачев (отв. ред.) [и др.]
_nНаука
_oВ 2 т.
_p2 т.
_tСоветский Союз в Организации Объединенных Наций
_vТ. 2
702 1 _aВисков
_bС. И.
_4340
801 0 _aRU
_bNLR
_gpsbo
801 1 _aRU
_bELAR
_2rusmarc
852 _aNLR
_j65-5/5162
942 _cBOOK
980 _aNB